<?xml version="1.0" encoding="UTF-8"?>
<record
    xmlns:xsi="http://www.w3.org/2001/XMLSchema-instance"
    xsi:schemaLocation="http://www.loc.gov/MARC21/slim http://www.loc.gov/standards/marcxml/schema/MARC21slim.xsd"
    xmlns="http://www.loc.gov/MARC21/slim">

  <leader>02863nam a2200421 a 4500</leader>
  <controlfield tag="003">CHAP</controlfield>
  <controlfield tag="005">20240617130238.0</controlfield>
  <controlfield tag="007">ta</controlfield>
  <controlfield tag="008">230612s2022    mx abd|fr|||| 001 0 spa d</controlfield>
  <datafield tag="020" ind1=" " ind2=" ">
    <subfield code="a">978-607-8788-80-4</subfield>
  </datafield>
  <datafield tag="040" ind1=" " ind2=" ">
    <subfield code="a">mxchpua</subfield>
    <subfield code="c">CHAP</subfield>
    <subfield code="e">rda</subfield>
  </datafield>
  <datafield tag="050" ind1="1" ind2="0">
    <subfield code="a">HD9000.5</subfield>
    <subfield code="b">.C66 2022</subfield>
  </datafield>
  <datafield tag="082" ind1="0" ind2="0">
    <subfield code="a">338.19</subfield>
    <subfield code="b">C66 2022</subfield>
    <subfield code="2">20</subfield>
  </datafield>
  <datafield tag="245" ind1="1" ind2="0">
    <subfield code="a">Competitividad en las cadenas de valor agroalimentarias : </subfield>
    <subfield code="b">conceptos y herramientas metodol&#xF3;gicas / </subfield>
    <subfield code="c">coordinadores Mar&#xED;a Magdalena Rojas Rojas, Karina Valencia Sandoval y Ma. Carmen Ybarra Moncada</subfield>
  </datafield>
  <datafield tag="250" ind1=" " ind2=" ">
    <subfield code="a">1a edici&#xF3;n </subfield>
  </datafield>
  <datafield tag="264" ind1=" " ind2=" ">
    <subfield code="a">M&#xE9;xico : </subfield>
    <subfield code="b">Plaza y Vald&#xE9;s, </subfield>
    <subfield code="c">2022</subfield>
  </datafield>
  <datafield tag="300" ind1=" " ind2=" ">
    <subfield code="a">236 p&#xE1;ginas : </subfield>
    <subfield code="b">Ilustraciones, mapas, tablas, gr&#xE1;ficas</subfield>
  </datafield>
  <datafield tag="336" ind1=" " ind2=" ">
    <subfield code="2">rdacontent</subfield>
    <subfield code="a">texto</subfield>
    <subfield code="b">txt</subfield>
  </datafield>
  <datafield tag="337" ind1=" " ind2=" ">
    <subfield code="2">rdamedia</subfield>
    <subfield code="a">sin medio</subfield>
    <subfield code="b">n</subfield>
  </datafield>
  <datafield tag="338" ind1=" " ind2=" ">
    <subfield code="2">rdacarrier</subfield>
    <subfield code="a">volumen</subfield>
    <subfield code="b">nc</subfield>
  </datafield>
  <datafield tag="504" ind1=" " ind2=" ">
    <subfield code="a">Incluye bibliograf&#xED;as </subfield>
  </datafield>
  <datafield tag="505" ind1="0" ind2=" ">
    <subfield code="g">Pr&#xF3;logo --
Cap. 1. Componentes clave de las cadenas de valor, un enfoque agroalimentario y sostenible --
Cap. 2. Sostenibilidad de las cadenas de valor en las empresas del sector agroalimentario, la inclusi&#xF3;n del consumidor --
Cap. 3. La innovaci&#xF3;n en las cadenas de valor del sector agroalimentario --
Cap. 4. Gobernanza en las redes de valor de los alimentos --
Cap. 5. Cadenas de valor agroalimentarias ante eventos coyunturales adversos: la experiencia ante el COVID-19 --
Cap. 6. Metodolog&#xED;as de an&#xE1;lisis y mapeo de las cadenas de valor agroalimentarias --
Cap. 7. M&#xE9;todos estad&#xED;sticos de soporte para el estudio de las cadenas de valor --
Cap. 8. An&#xE1;lisis de los eslabones de la cadena de valor de la guayaba en fresco en Calvillo, Aguascalientes --
Cap. 9. Las fluctuaciones de precios del agave tequilero y mezcalero en M&#xE9;xico, para el per&#xED;odo 1982-2019 --
Cap. 10. Los ingresos p&#xFA;blicos como parte de la gobernanza en las cadenas de valor: un caso de estudio de Juchit&#xE1;n, Oaxaca</subfield>
  </datafield>
  <datafield tag="520" ind1="2" ind2=" ">
    <subfield code="a">El objetivo de esta obra permite ofrecer al lector los elementos fundamentales para entender el concepto de las cadenas de valor y las metodolog&#xED;as para implementarlas de forma exitosa y evaluarlas para retroalimentar y redireccionar sus estrategias de integraci&#xF3;n.</subfield>
  </datafield>
  <datafield tag="650" ind1="1" ind2="0">
    <subfield code="a">Cadena de suministro de alimentos</subfield>
    <subfield code="x">Control de calidad  </subfield>
    <subfield code="9">162584</subfield>
  </datafield>
  <datafield tag="650" ind1="1" ind2="3">
    <subfield code="9">148659</subfield>
    <subfield code="a">Industria de los alimentos  </subfield>
  </datafield>
  <datafield tag="650" ind1="1" ind2="3">
    <subfield code="9">187395</subfield>
    <subfield code="a">Precios de los alimentos</subfield>
  </datafield>
  <datafield tag="650" ind1="1" ind2="3">
    <subfield code="9">151544</subfield>
    <subfield code="a">Precios de mercado  </subfield>
  </datafield>
  <datafield tag="650" ind1="1" ind2="3">
    <subfield code="9">151941</subfield>
    <subfield code="a">Econom&#xED;a de la producci&#xF3;n  </subfield>
  </datafield>
  <datafield tag="650" ind1="1" ind2="3">
    <subfield code="9">162586</subfield>
    <subfield code="a">Food supply chain</subfield>
    <subfield code="x">Quality control  </subfield>
  </datafield>
  <datafield tag="650" ind1="1" ind2="3">
    <subfield code="9">148657</subfield>
    <subfield code="a">Food industry  </subfield>
  </datafield>
  <datafield tag="650" ind1="1" ind2="3">
    <subfield code="9">187396</subfield>
    <subfield code="a">Food prices</subfield>
  </datafield>
  <datafield tag="650" ind1="1" ind2="3">
    <subfield code="9">151543</subfield>
    <subfield code="a">Market prices</subfield>
  </datafield>
  <datafield tag="650" ind1="1" ind2="3">
    <subfield code="9">151942</subfield>
    <subfield code="a">Production economics</subfield>
  </datafield>
  <datafield tag="700" ind1="1" ind2=" ">
    <subfield code="a">Rojas Rojas, Mar&#xED;a Magdalena</subfield>
    <subfield code="e">coordinador</subfield>
    <subfield code="9">99368</subfield>
  </datafield>
  <datafield tag="700" ind1="1" ind2=" ">
    <subfield code="9">187397</subfield>
    <subfield code="a">Valencia Sandoval, Karina</subfield>
    <subfield code="e">coordinador</subfield>
  </datafield>
  <datafield tag="700" ind1="1" ind2=" ">
    <subfield code="9">163649</subfield>
    <subfield code="a">Ybarra Moncada, Ma. Carmen</subfield>
    <subfield code="e">coordinador</subfield>
  </datafield>
  <datafield tag="942" ind1=" " ind2=" ">
    <subfield code="2">ddc</subfield>
    <subfield code="c">Libro</subfield>
  </datafield>
  <datafield tag="999" ind1=" " ind2=" ">
    <subfield code="c">218944</subfield>
    <subfield code="d">218944</subfield>
  </datafield>
  <datafield tag="952" ind1=" " ind2=" ">
    <subfield code="0">0</subfield>
    <subfield code="1">0</subfield>
    <subfield code="2">ddc</subfield>
    <subfield code="4">0</subfield>
    <subfield code="5">1</subfield>
    <subfield code="7">0</subfield>
    <subfield code="8">GRAL</subfield>
    <subfield code="a">IA_</subfield>
    <subfield code="b">IA_</subfield>
    <subfield code="d">2023-04-21</subfield>
    <subfield code="e">Donaci&#xF3;n</subfield>
    <subfield code="i">Donaci&#xF3;n</subfield>
    <subfield code="l">0</subfield>
    <subfield code="o">338.19 C66 2022</subfield>
    <subfield code="p">1102014854</subfield>
    <subfield code="r">2023-06-12 00:00:00</subfield>
    <subfield code="t">Ej. 1</subfield>
    <subfield code="w">2023-06-12</subfield>
    <subfield code="y">LIBRO</subfield>
  </datafield>
  <datafield tag="952" ind1=" " ind2=" ">
    <subfield code="0">0</subfield>
    <subfield code="1">0</subfield>
    <subfield code="2">ddc</subfield>
    <subfield code="4">0</subfield>
    <subfield code="5">5</subfield>
    <subfield code="7">0</subfield>
    <subfield code="8">GRAL</subfield>
    <subfield code="a">IA_</subfield>
    <subfield code="b">IA_</subfield>
    <subfield code="d">2023-04-21</subfield>
    <subfield code="e">Donaci&#xF3;n</subfield>
    <subfield code="i">Donaci&#xF3;n</subfield>
    <subfield code="l">0</subfield>
    <subfield code="o">338.19 C66 2022</subfield>
    <subfield code="p">1102014855</subfield>
    <subfield code="r">2023-06-12 00:00:00</subfield>
    <subfield code="t">Ej. 2</subfield>
    <subfield code="w">2023-06-12</subfield>
    <subfield code="y">LIBRO</subfield>
  </datafield>
</record>
